000
00268nam a22001217a 4500
020
_a
81-284-0124-6
082
_a
823
_b
JUN/R
100
_a
JUNIOR DIAMOND
245
_a
RAPUNZEL
260
_a
DELHI
_b
JUNIOR DIAMOND
650
_a
CHILDRENS STORY BOOK
_z
INDIA
942
_c
BK
999
_c
7042
_d
7042